La iglesia después del plebiscito
שמור ב:
| מחבר ראשי: | |
|---|---|
| פורמט: | ספר |
| שפה: | ספרדית |
| יצא לאור: |
Talca
Obispado de Talca
1989
|
| נושאים: | |
| תגים: |
הוספת תג
אין תגיות, היה/י הראשונ/ה לתייג את הרשומה!
|
MARC
| LEADER | 00000nam a2200000 a 4500 | ||
|---|---|---|---|
| 001 | UCT9822 | ||
| 003 | CL-VaPUC | ||
| 008 | 970412e19890000CL |||||||||||||||||spa|d | ||
| 082 | 0 | 4 | |a 262 |b GON |2 21 |
| 100 | |a González C., Carlos |e author |9 402006 | ||
| 245 | 1 | 3 | |a La iglesia después del plebiscito |
| 300 | |a 24 p | ||
| 942 | |c BK | ||
| 945 | |d 19970412 00:00:00 |a amoreno | ||
| 260 | |a Talca |b Obispado de Talca |c 1989 | ||
| 650 | 0 | |a Iglesia |9 255004 | |
| 650 | 7 | |a CIENCIAS RELIGIOSAS |2 CL-VaPUC |9 382853 | |
| 650 | 7 | |a MIEMBROS DE LA IGLESIA |2 CL-VaPUC |9 382874 | |
| 650 | 0 | |a Católicos |9 333930 | |
| 650 | 7 | |a PLURALISMO |2 CL-VaPUC |9 328303 | |
| 583 | |a last modification |c 19970412 00:00:00 |k Rodrigo Vera | ||
| 999 | |c 258191 |d 258189 | ||
| 952 | |0 0 |1 0 |4 0 |6 262_000000000000000_GON_1989 |7 0 |8 A |9 282098 |a BIBEDU |b BIBEDU |d 2019-11-19 |i 3294110 |o 262 GON 1989 |p 3294110 |r 2019-11-19 |w 2019-11-19 |y BK |k EDU | ||